Culture Générale - Clic Quiz - La réponse est une arme - Statistiques

Statistiques générales
  • Ce quiz a été pris 154 fois
  • Le résultat moyen est 18 sur 35
Statistiques - réponses
Hint Réponse % Correct
De perlimpinpin ou d'escampette dans des expressions Poudre
87%
Compléte l'expression qui faisait référence à une pratique guerrière des Amérindiens et qui a pris un sens figuré signifiant l'adoption d'un comportement hostile : "« déterrer .. _________ de guerre » Hache
86%
Egalement connus sous le nom d'étoiles de ninja Shuriken
83%
Prénom du coureur cycliste américain qui s'est vu retirer ses Sept Tour de France pour infractions aux règles antidopage Lance
79%
Compléte le nom du genre cinématographique qui se déroule du Moyen Âge à la veille de la Révolution française : Film de cape et .. _______ Épée
74%
État souverain insulaire de la mer des Caraïbes de 113 000 habitants en 2020 Grenade
74%
Gisement exploité de matériaux Mine
73%
Compléte le nom de la capitale de l'État américain de Louisiane de 227 470 habitants en 2020 : ________ Rouge Baton
72%
Multinationale d'origine japonaise fabriquant des produits optiques incluant appareils photo, photocopieurs et imprimantes Canon
72%
Récipient permettant de broyer des matières que l'on veut transformer en pâte ou en poudre grâce à l'action d'un pilon Mortier
70%
98,48 mètres : Jan Železný (1996) Javelot
69%
À blanc, munition de petit calibre ne comportant pas de projectile Balle
64%
En sport d'hiver, Arme utilisée au Biathlon Carabine
64%
Phrase destinée à humilier ou blesser la personne à qui elle est destinée, ou à tout le moins lui manquer de respect Pique
63%
Dans l'imagerie populaire, il est associé aux peuples « primitifs » et/ou aux « hommes des cavernes » tels qu'on les imaginait au XIXe siècle Gourdin
60%
Compléte le nom de la chanson de Serge Gainsbourg de 1975, reprise avec succès en duo par Etienne Daho et Dani : Comme .. _________ Boomerang
56%
Difficulté, obstacle ou un désagrément passager Anicroche
50%
En physique, c'est la grandeur physique positive intrinsèque d'un corps Masse
50%
Arme de prédilection de Daryl Dixon dans la série TV The Walking Dead Arbalète
49%
Structure de pierres appareillées formant une courbe et reposant sur deux supports, qu'il ne faut pas confondre avec une voûte Arc
49%
Complète le nom du film de 1975 avec Philippe Noiret et Romy Schneider :" Le Vieux ______" Fusil
49%
Balistique quand la trajectoire s'effectue essentiellement hors de l'atmosphère Missile
46%
En jaune en dessous d'une étoile à cinq pointes et croisant une moitié de roue dentée sur le drapeau de l'Angola Machette
44%
Ligne de pêche réunissant de multiples hameçons. C'est aussi une préparation culinaire belge à base d'une baguette, de frites et de sauce Mitraillette
42%
Compléte l'expression qui est utilisée lors d'une pluie intense autre qu'il tombe des cordes : « il tombe des ___________s» Hallebarde
41%
Nom familier de l'« urinal », récipient permettant aux hommes hospitalisés ou grabataires d'uriner en position couchée Pistolet
38%
Espèce de plantes annuelles de la famille des Brassicacées (ou crucifères), à fleurs blanches ou jaunâtres veinées de brun ou de violet Roquette
36%
Nom du personnage du film Matrix (1999) joué par Marcus Chong Tank
32%
Septième album studio des Beatles, paru en 1966. Onzième dans la liste de 2020 des 500 plus grands albums de tous les temps du magazine Rolling Stone Revolver
30%
Au hockey sur glace, synonyme de mise en échec Charge
28%
Morceau de lave, éjecté par un volcan et qui se solidifie dans l'air Bombe
24%
Franchise professionnelle de hockey sur glace évoluant en NHL : Les ________s de Buffalo Sabre
18%
Groupe espagnol de Heavy Metal qui a démarré en 1980 (`) Obus
12%
Accessoire généralement en aluminium, qui se fixe sur la fixation d'un ski de randonnée. Il comporte des dents qui pénètrent dans la neige pour améliorer la tenue du ski sur neige dure ou glacée Couteau
11%
Cocktail composé de vodka, de crème de menthe et de glace d'eau Marteau
6%
Aucun quiz correspondant
Distribution des résultats
% des personnes avec chaque résultat
Percentile par nombre de réponses
Votre historique - résultats
Vous n’avez pas pris ce quiz